UM Logo

Multiport hybrid dc circuit breaker with current flow control for mtdc grids / (Record no. 21618)

MARC details
000 -LEADER
fixed length control field 01140nam a22002657a 4500
003 - CONTROL NUMBER IDENTIFIER
control field OSt
005 - DATE AND TIME OF LATEST TRANSACTION
control field 20250411094322.0
008 - FIXED-LENGTH DATA ELEMENTS--GENERAL INFORMATION
fixed length control field 240913b ||||| |||| 00| 0 eng d
040 ## - CATALOGING SOURCE
Transcribing agency 0
082 ## - DEWEY DECIMAL CLASSIFICATION NUMBER
Classification number DPer 621.317 Ie21 December 2022 v.37 n. 12 part 1&2.
100 ## - MAIN ENTRY--PERSONAL NAME
Personal name Zhang, Chengquan.
Relator term author.
9 (RLIN) 60998
245 ## - TITLE STATEMENT
Title Multiport hybrid dc circuit breaker with current flow control for mtdc grids /
Statement of responsibility, etc. Chengquan Zhang, Guibin Zou, Shou Zhang, Chunhua Xu, and Weijie Sun.
260 ## - PUBLICATION, DISTRIBUTION, ETC. (IMPRINT)
Place of publication, distribution, etc. New York ;
Name of publisher, distributor, etc. The Institute of Electrical and Electronics Engineers, Inc.,
Date of publication, distribution, etc. December 2022.
300 ## - PHYSICAL DESCRIPTION
Extent volume 37, pages 15605-15615,
Other physical details illustration.
500 ## - GENERAL NOTE
General note IEEE Transactions on Power Electronics, v. 37 n. 12, pages 15605-15615, December 2022.
650 #0 - SUBJECT ADDED ENTRY--TOPICAL TERM
Topical term or geographic name as entry element Current flow controller (CFC).
9 (RLIN) 66326
650 #0 - SUBJECT ADDED ENTRY--TOPICAL TERM
Topical term or geographic name as entry element multiport hybrid dc breaker.
9 (RLIN) 66327
650 #0 - SUBJECT ADDED ENTRY--TOPICAL TERM
Topical term or geographic name as entry element multiterminal dc (MTDC) grid.
9 (RLIN) 66328
700 ## - ADDED ENTRY--PERSONAL NAME
Personal name Zhang, Chengquan.
Relator term author.
9 (RLIN) 60998
700 ## - ADDED ENTRY--PERSONAL NAME
Personal name Zou, Guibin.
Relator term author.
9 (RLIN) 60999
700 ## - ADDED ENTRY--PERSONAL NAME
Personal name Zhang, Shou.
Relator term author.
9 (RLIN) 61000
700 ## - ADDED ENTRY--PERSONAL NAME
Personal name Xu, Chunhua.
Relator term author.
9 (RLIN) 61001
700 ## - ADDED ENTRY--PERSONAL NAME
Personal name Sun, Weijie.
Relator term author.
9 (RLIN) 61002
942 ## - ADDED ENTRY ELEMENTS (KOHA)
Source of classification or shelving scheme Dewey Decimal Classification
Koha item type Periodicals
Holdings
Withdrawn status Lost status Source of classification or shelving scheme Damaged status Not for loan Collection code Home library Current library Date acquired Total Checkouts Full call number Date last seen Price effective from Koha item type Public note
    Dewey Decimal Classification     Periodicals UM Digos College - LIC UM Digos College - LIC 09/13/2024   DPer 621.317 Ie21 December 2022 v.37 n. 12 part 1&2. 09/13/2024 09/13/2024 Periodicals Periodical Article